00785nam a22002417a 450000500170000000800410001701000140005802000250007203500130009703700150011004000180012508200100014310000200015324501030017326000430027627000840031930000350040349000210043850000250045965000100048465000260049470000230052020090709110248.0090709t xxu||||| |||| 00| 0 eng d aENG-94366 a9788123755144c60.00 aEN-77899 bDBAD / PUB adplbEnglish  a133.4 aBadiuddin Khan  aMantra, magic and miracle:ba scientific exploration /cby Badiuddin Khan [and] Hasan Jawaid Khan  aNew Delhi bNational Book Trust c2009 aNehru Bhawan, 5 Institutional Area, Phase-II, Vasant Kunj, bNew Delhi e110070 axx, 142p. :c22cm(pbk) bill.  apopular science  aIncludes references  aMagic aOccultism and science aHasan Jawaid Khan